[Event "GER-chW Blitz 2019"]
[Site "Magdeburg"]
[Date "2019.05.25"]
[Round "6.12"]
[White "Siegl, Melina"]
[Black "Hofmann, Karina"]
[Result "1/2-1/2"]
[WhiteElo "2029"]
[BlackElo "1700"]
[Annotator "NA"]
[PlyCount "146"]
[EventDate "2019.05.25"]
[EventType "tourn"]
[EventCountry "GER"]
[SourceTitle "playchess.com"]
[Source "ChessBase"]
[SourceQuality "1"]
[TimeControl "180+2"]

1. e4 {[%emt 0:00:01]} b6 {[%emt 0:00:01]} 2. d4 {[%emt 0:00:05]} Bb7 {[%emt 0:00:00]} 3. Bd3 {[%emt 0:00:01]} g6 {[%emt 0:00:04]} 4. f4 {[%emt 0:00:03]} Bg7 {[%emt 0:00:01]} 5. Nf3 {[%emt 0:00:01]} Nc6 {[%emt 0:00:02]} 6. c3 {[%emt 0:00:01]} d6 {[%emt 0:00:04]} 7. Nbd2 {[%emt 0:00:19]} e6 {[%emt 0:00:01]} 8. Qe2 {[%emt 0:00:08]} Nge7 {[%emt 0:00:01]} 9. Nf1 {[%emt 0:00:09]} a6 {[%emt 0:00:01]} 10. Ne3 {[%emt 0:00:03]} Qd7 {[%emt 0:00:00]} 11. O-O {[%emt 0:00:09]} O-O {[%emt 0:00:03]} 12. e5 {[%emt 0:00:05]} Nf5 {[%emt 0:00:03]} 13. Nxf5 {[%emt 0:00:05]} exf5 {[%emt 0:00:03]} 14. d5 {[%emt 0:00:08]} Na7 15. e6 {[%emt 0:00:07]} fxe6 {[%emt 0:00:19]} 16. dxe6 {[%emt 0:00:01]} Qe7 {[%emt 0:00:04]} 17. Re1 {[%emt 0:00:04]} Rfe8 {[%emt 0:00:05]} 18. Bxa6 Bxa6 {[%emt 0:00:27]} 19. Qxa6 {[%emt 0:00:19]} Nc6 {[%emt 0:00:02]} 20. Qc4 {[%emt 0:00:05]} Nd8 {[%emt 0:00:06]} 21. Nd4 {[%emt 0:00:27]} c5 {[%emt 0:00:05]} 22. Nb5 {[%emt 0:00:06]} Ra5 {[%emt 0:00:08]} 23. b4 {[%emt 0:00:04]} d5 {[%emt 0:00:06]} 24. Qd3 {[%emt 0:00:12]} cxb4 {[%emt 0:00:11]} 25. cxb4 {[%emt 0:00:07]} Ra8 {[%emt 0:00:21]} 26. Qxd5 {[%emt 0:00:25]} Nxe6 {[%emt 0:00:44]} 27. Rb1 {[%emt 0:00:17]} Rad8 {[%emt 0:00:09]} 28. Qb3 {[%emt 0:00:05]} Kh8 {[%emt 0:00:08]} 29. Bb2 {[%emt 0:00:05]} Bxb2 {[%emt 0:00:07]} 30. Qxb2+ {[%emt 0:00:00]} Qg7 {[%emt 0:00:01]} 31. Re5 {[%emt 0:00:04]} Nxf4 {[%emt 0:00:07]} 32. Rxe8+ {[%emt 0:00:01]} Rxe8 {[%emt 0:00:02]} 33. Qf2 {[%emt 0:00:07]} Nd3 {[%emt 0:00:04]} 34. Qxb6 {[%emt 0:00:02]} h5 {[%emt 0:00:06]} 35. Nd6 {[%emt 0:00:02]} Re1+ {[%emt 0:00:03]} 36. Rxe1 {[%emt 0:00:01]} Nxe1 {[%emt 0:00:01]} 37. Qe3 {[%emt 0:00:01]} Qa1 {[%emt 0:00:04]} 38. Qh6+ {[%emt 0:00:02]} Kg8 {[%emt 0:00:01]} 39. Qxg6+ Qg7 {[%emt 0:00:02]} 40. Qxg7+ {[%emt 0:00:05]} Kxg7 {[%emt 0:00:02]} 41. Nxf5+ {[%emt 0:00:01]} Kf6 {[%emt 0:00:00]} 42. Ng3 {[%emt 0:00:01]} h4 {[%emt 0:00:02]} 43. Ne4+ {[%emt 0:00:01]} Kf5 {[%emt 0:00:01]} 44. Nd2 {[%emt 0:00:02]} Nd3 {[%emt 0:00:02]} 45. b5 {[%emt 0:00:01]} Nc5 {[%emt 0:00:01]} 46. b6 {[%emt 0:00:02]} Nb7 {[%emt 0:00:01]} 47. a4 {[%emt 0:00:02]} Ke6 {[%emt 0:00:01]} 48. Nc4 {[%emt 0:00:01]} Kd5 {[%emt 0:00:01]} 49. Ne3+ {[%emt 0:00:03]} Kc6 {[%emt 0:00:01]} 50. Nf5 {[%emt 0:00:01]} h3 {[%emt 0:00:02]} 51. g4 {[%emt 0:00:02]} Kxb6 {[%emt 0:00:01]} 52. g5 {[%emt 0:00:01]} Nd8 {[%emt 0:00:01]} 53. Kf2 {[%emt 0:00:01]} Ne6 {[%emt 0:00:02]} 54. g6 {[%emt 0:00:02]} Ka5 {[%emt 0:00:01]} 55. g7 {[%emt 0:00:01]} Nxg7 {[%emt 0:00:03]} 56. Nxg7 {[%emt 0:00:02]} Kxa4 {[%emt 0:00:01]} 57. Kg3 {[%emt 0:00:01]} Kb5 {[%emt 0:00:00]} 58. Kxh3 {[%emt 0:00:01]} Kc5 {[%emt 0:00:01]} 59. Kg4 {[%emt 0:00:01]} Kd6 {[%emt 0:00:00]} 60. Kg5 {[%emt 0:00:01]} Ke7 {[%emt 0:00:01]} 61. Kg6 {[%emt 0:00:02]} Kf8 {[%emt 0:00:01]} 62. h4 {[%emt 0:00:05]} Kg8 {[%emt 0:00:01]} 63. h5 {[%emt 0:00:01]} Kh8 {[%emt 0:00:01]} 64. h6 {[%emt 0:00:02]} Kg8 {[%emt 0:00:00]} 65. Nh5 {[%emt 0:00:02]} Kh8 {[%emt 0:00:01]} 66. Nf4 {[%emt 0:00:05]} Kg8 {[%emt 0:00:01]} 67. Kh5 {[%emt 0:00:01]} Kh7 {[%emt 0:00:00]} 68. Ng6 {[%emt 0:00:02]} Kg8 {[%emt 0:00:05]} 69. Ne5 {[%emt 0:00:08]} Kh7 {[%emt 0:00:02]} 70. Ng4 {[%emt 0:00:01]} Kg8 {[%emt 0:00:01]} 71. Kg6 {[%emt 0:00:03]} Kh8 {[%emt 0:00:00]} 72. Ne5 {[%emt 0:00:10]} Kg8 73. h7+ Kh8 1/2-1/2

[Event "GER-chW Blitz 2019"]
[Site "Magdeburg"]
[Date "2019.05.25"]
[Round "7.1"]
[White "Hofmann, Karina"]
[Black "Roesler, Hannah Clara Hed"]
[Result "1-0"]
[WhiteElo "1700"]
[BlackElo "1619"]
[Annotator "NA"]
[PlyCount "79"]
[EventDate "2019.05.25"]
[EventType "tourn"]
[EventCountry "GER"]
[SourceTitle "playchess.com"]
[Source "ChessBase"]
[SourceQuality "1"]
[TimeControl "180+2"]

1. f4 {[%emt 0:00:00]} e5 {[%emt 0:00:07]} 2. fxe5 {[%emt 0:00:02]} d6 {[%emt 0:00:01]} 3. exd6 {[%emt 0:00:01]} Bxd6 {[%emt 0:00:01]} 4. Nf3 {[%emt 0:00:01]} g5 {[%emt 0:00:08]} 5. g3 {[%emt 0:00:00]} Nf6 {[%emt 0:00:20]} 6. d4 {[%emt 0:00:01]} g4 {[%emt 0:00:22]} 7. Nh4 {[%emt 0:00:02]} Nc6 {[%emt 0:00:05]} 8. c3 {[%emt 0:00:01]} Ne4 {[%emt 0:00:31]} 9. Qd3 {[%emt 0:00:04]} Qe7 {[%emt 0:00:09]} 10. Bg2 {[%emt 0:00:09]} f5 {[%emt 0:00:15]} 11. O-O {[%emt 0:00:14]} Rf8 {[%emt 0:00:07]} 12. Bh6 {[%emt 0:00:08]} Rf7 {[%emt 0:00:08]} 13. Nd2 {[%emt 0:00:04]} Nxd2 {[%emt 0:00:04]} 14. Qxd2 {[%emt 0:00:03]} Bd7 {[%emt 0:00:07]} 15. Bg5 {[%emt 0:00:07]} Qe6 {[%emt 0:00:08]} 16. d5 {[%emt 0:00:04]} Qe5 {[%emt 0:00:10]} 17. dxc6 {[%emt 0:00:08]} bxc6 {[%emt 0:00:02]} 18. Rae1 {[%emt 0:00:09]} Be7 {[%emt 0:00:02]} 19. Bxe7 {[%emt 0:00:03]} Rxe7 {[%emt 0:00:04]} 20. Nxf5 {[%emt 0:00:11]} Re6 {[%emt 0:00:18]} 21. Nd4 {[%emt 0:00:15]} Rd6 {[%emt 0:00:09]} 22. Qf4 {[%emt 0:00:15]} Qxf4 {[%emt 0:00:03]} 23. Rxf4 {[%emt 0:00:02]} O-O-O {[%emt 0:00:04]} 24. Rf7 {[%emt 0:00:08]} h6 {[%emt 0:00:04]} 25. e4 {[%emt 0:00:04]} Rg6 {[%emt 0:00:04]} 26. Ref1 {[%emt 0:00:05]} c5 {[%emt 0:00:04]} 27. Nf5 {[%emt 0:00:09]} Bb5 {[%emt 0:00:03]} 28. Ne7+ {[%emt 0:00:06]} Kb7 {[%emt 0:00:04]} 29. Nxg6 {[%emt 0:00:03]} Bxf1 {[%emt 0:00:02]} 30. Bxf1 {[%emt 0:00:06]} Rd2 {[%emt 0:00:01]} 31. e5 {[%emt 0:00:05]} Rxb2 {[%emt 0:00:02]} 32. e6 {[%emt 0:00:01]} Kc8 {[%emt 0:00:06]} 33. Rf8+ {[%emt 0:00:08]} Kb7 {[%emt 0:00:02]} 34. e7 {[%emt 0:00:02]} Rxa2 {[%emt 0:00:03]} 35. e8=Q {[%emt 0:00:04]} a5 {[%emt 0:00:04]} 36. Qa8+ {[%emt 0:00:14]} Kb6 {[%emt 0:00:01]} 37. Rf6+ {[%emt 0:00:05]} c6 {[%emt 0:00:05]} 38. Qxc6+ {[%emt 0:00:02]} Ka7 {[%emt 0:00:01]} 39. Rf7+ {[%emt 0:00:02]} Kb8 {[%emt 0:00:02]} 40. Qb7# {[%emt 0:00:02]} 1-0

[Event "GER-chW Blitz 2019"]
[Site "Magdeburg"]
[Date "2019.05.25"]
[Round "7.2"]
[White "Birkholz, Olga"]
[Black "Siegl, Melina"]
[Result "1-0"]
[WhiteElo "2031"]
[BlackElo "2029"]
[Annotator "NA"]
[PlyCount "69"]
[EventDate "2019.05.25"]
[EventType "tourn"]
[EventCountry "GER"]
[SourceTitle "playchess.com"]
[Source "ChessBase"]
[SourceQuality "1"]
[TimeControl "180+2"]

1. d4 {[%emt 0:00:00]} f5 {[%emt 0:00:01]} 2. Nc3 {[%emt 0:00:02]} d6 {[%emt 0:00:02]} 3. e4 {[%emt 0:00:01]} fxe4 {[%emt 0:00:07]} 4. Nxe4 {[%emt 0:00:02]} g6 {[%emt 0:00:02]} 5. Bd3 {[%emt 0:00:04]} Bg7 {[%emt 0:00:01]} 6. c3 {[%emt 0:00:00]} Nf6 {[%emt 0:00:08]} 7. Ng3 {[%emt 0:00:05]} c6 {[%emt 0:00:06]} 8. Nf3 {[%emt 0:00:02]} O-O {[%emt 0:00:14]} 9. h3 {[%emt 0:00:07]} Qe8 {[%emt 0:00:07]} 10. O-O {[%emt 0:00:08]} e5 {[%emt 0:00:13]} 11. Re1 {[%emt 0:00:08]} Nbd7 {[%emt 0:00:02]} 12. Qb3+ {[%emt 0:00:23]} Kh8 {[%emt 0:00:03]} 13. Ng5 {[%emt 0:00:03]} d5 {[%emt 0:01:00]} 14. dxe5 {[%emt 0:00:03]} h6 {[%emt 0:00:14]} 15. Nf3 {[%emt 0:00:05]} Ng8 {[%emt 0:00:14]} 16. Qc2 {[%emt 0:00:03]} Ne7 {[%emt 0:00:03]} 17. Bd2 {[%emt 0:00:08]} Nc5 {[%emt 0:00:01]} 18. Bf1 {[%emt 0:00:12]} Nf5 {[%emt 0:00:03]} 19. b4 {[%emt 0:00:06]} Nxg3 {[%emt 0:00:11]} 20. fxg3 {[%emt 0:00:02]} Ne4 {[%emt 0:00:01]} 21. Rxe4 {[%emt 0:00:44]} dxe4 {[%emt 0:00:05]} 22. Qxe4 {[%emt 0:00:01]} Bf5 {[%emt 0:00:01]} 23. Qe3 {[%emt 0:00:08]} Rd8 {[%emt 0:00:12]} 24. Re1 {[%emt 0:00:09]} Bxh3 {[%emt 0:00:19]} 25. Nd4 {[%emt 0:00:36]} Bg4 {[%emt 0:00:06]} 26. Bd3 {[%emt 0:00:05]} Rd5 {[%emt 0:00:07]} 27. Qe4 {[%emt 0:00:09]} Rxe5 {[%emt 0:00:02]} 28. Qxg4 {[%emt 0:00:14]} Rxe1+ {[%emt 0:00:01]} 29. Kh2 {[%emt 0:00:01]} Re5 {[%emt 0:00:05]} 30. Bxg6 {[%emt 0:00:02]} Qe7 {[%emt 0:00:01]} 31. Bf4 {[%emt 0:00:02]} Re1 {[%emt 0:00:03]} 32. Bd3 {[%emt 0:00:06]} Ra1 {[%emt 0:00:02]} 33. Qg6 {[%emt 0:00:02]} Bxd4 {[%emt 0:00:03]} 34. cxd4 {[%emt 0:00:01]} Rg8 {[%emt 0:00:02]} 35. Qxh6+ {Qd8} 1-0

[Event "GER-chW Blitz 2019"]
[Site "Magdeburg"]
[Date "2019.05.25"]
[Round "7.3"]
[White "Rath, Alina"]
[Black "Muetsch, Annmarie"]
[Result "0-1"]
[WhiteElo "2042"]
[BlackElo "2266"]
[Annotator "NA"]
[PlyCount "102"]
[EventDate "2019.05.25"]
[EventType "tourn"]
[EventCountry "GER"]
[SourceTitle "playchess.com"]
[Source "ChessBase"]
[SourceQuality "1"]
[TimeControl "180+2"]

1. c4 {[%emt 0:00:00]} Nf6 {[%emt 0:00:00]} 2. Nc3 {[%emt 0:00:00]} g6 {[%emt 0:00:00]} 3. g3 Bg7 {[%emt 0:00:01]} 4. Bg2 {[%emt 0:00:01]} O-O {[%emt 0:00:01]} 5. e4 {[%emt 0:00:01]} d6 {[%emt 0:00:02]} 6. Nge2 {[%emt 0:00:00]} c5 {[%emt 0:00:04]} 7. O-O {[%emt 0:00:02]} Nc6 {[%emt 0:00:02]} 8. d3 {[%emt 0:00:01]} Bg4 {[%emt 0:00:03]} 9. h3 {[%emt 0:00:01]} Bxe2 {[%emt 0:00:02]} 10. Nxe2 {[%emt 0:00:01]} a6 {[%emt 0:00:03]} 11. f4 {[%emt 0:00:03]} Rb8 {[%emt 0:00:04]} 12. Be3 {[%emt 0:00:07]} Ne8 {[%emt 0:00:08]} 13. Rb1 {[%emt 0:00:27]} b5 {[%emt 0:00:09]} 14. b3 {[%emt 0:00:03]} Nc7 {[%emt 0:00:06]} 15. Qd2 {[%emt 0:00:16]} Qd7 {[%emt 0:00:21]} 16. Kh2 {[%emt 0:00:05]} Ne6 {[%emt 0:00:09]} 17. f5 {[%emt 0:00:11]} Ned4 {[%emt 0:00:08]} 18. g4 {[%emt 0:00:08]} Be5+ {[%emt 0:00:11]} 19. Kh1 {[%emt 0:00:04]} Nxe2 {[%emt 0:00:18]} 20. Qxe2 {[%emt 0:00:02]} Nd4 {[%emt 0:00:02]} 21. Qf2 {[%emt 0:00:05]} e6 {[%emt 0:00:08]} 22. f6 {[%emt 0:00:09]} Rfd8 {[%emt 0:00:14]} 23. g5 {[%emt 0:00:09]} a5 {[%emt 0:00:08]} 24. Bxd4 {[%emt 0:00:22]} Bxd4 {[%emt 0:00:02]} 25. Qh4 {[%emt 0:00:01]} Qe8 {[%emt 0:00:09]} 26. Bf3 {[%emt 0:00:16]} Be5 {[%emt 0:00:09]} 27. Rg1 {[%emt 0:00:19]} Qf8 {[%emt 0:00:04]} 28. Rg4 {[%emt 0:00:03]} a4 {[%emt 0:00:10]} 29. Qe1 {[%emt 0:00:05]} axb3 {[%emt 0:00:06]} 30. axb3 {[%emt 0:00:02]} bxc4 {[%emt 0:00:05]} 31. dxc4 {[%emt 0:00:02]} h6 {[%emt 0:00:18]} 32. h4 {[%emt 0:00:23]} h5 {[%emt 0:00:03]} 33. Rg2 {[%emt 0:00:03]} Ra8 {[%emt 0:00:11]} 34. Qe2 {[%emt 0:00:07]} Ra3 {[%emt 0:00:12]} 35. Qd1 {[%emt 0:00:05]} Rda8 {[%emt 0:00:02]} 36. Be2 {[%emt 0:00:11]} Ra1 {[%emt 0:00:03]} 37. Bd3 {[%emt 0:00:06]} Qb8 {[%emt 0:00:08]} 38. Rg1 {[%emt 0:00:04]} Rxb1 {[%emt 0:00:04]} 39. Qxb1 {[%emt 0:00:02]} Qb4 {[%emt 0:00:02]} 40. Qc2 {[%emt 0:00:02]} Ra3 {[%emt 0:00:02]} 41. Rb1 {[%emt 0:00:02]} Kf8 {[%emt 0:00:03]} 42. Kg2 {[%emt 0:00:01]} Ke8 {[%emt 0:00:02]} 43. Kf3 {[%emt 0:00:01]} Kd7 {[%emt 0:00:02]} 44. Ke3 {[%emt 0:00:07]} Bd4+ {[%emt 0:00:02]} 45. Kf3 {[%emt 0:00:00]} Kc7 {[%emt 0:00:02]} 46. Ke2 {[%emt 0:00:03]} Qa5 47. Kf3 {[%emt 0:00:01]} Ra2 {[%emt 0:00:02]} 48. Qd1 {[%emt 0:00:01]} Rf2+ {[%emt 0:00:02]} 49. Kg3 {[%emt 0:00:01]} Qa2 {[%emt 0:00:02]} 50. Qh1 {[%emt 0:00:06]} Be5+ {[%emt 0:00:02]} 51. Kh3 {[%emt 0:00:01]} Rh2+ {[%emt 0:00:01]} 0-1

[Event "GER-chW Blitz 2019"]
[Site "Magdeburg"]
[Date "2019.05.25"]
[Round "7.4"]
[White "Silz, Elisa"]
[Black "Michna, Marta"]
[Result "0-1"]
[WhiteElo "1977"]
[BlackElo "2355"]
[Annotator "NA"]
[PlyCount "52"]
[EventDate "2019.05.25"]
[EventType "tourn"]
[EventCountry "GER"]
[SourceTitle "playchess.com"]
[Source "ChessBase"]
[SourceQuality "1"]
[TimeControl "180+2"]

1. d4 {[%emt 0:00:00]} Nf6 {[%emt 0:00:00]} 2. Nf3 {[%emt 0:00:00]} d6 {[%emt 0:00:00]} 3. c4 {[%emt 0:00:00]} Nbd7 {[%emt 0:00:00]} 4. Nc3 {[%emt 0:00:01]} e5 {[%emt 0:00:00]} 5. e4 {[%emt 0:00:02]} g6 {[%emt 0:00:01]} 6. Be2 Bg7 7. O-O O-O 8. Qc2 {[%emt 0:00:05]} c6 {[%emt 0:00:03]} 9. Rd1 {[%emt 0:00:02]} Qc7 {[%emt 0:00:01]} 10. d5 {[%emt 0:00:00]} c5 {[%emt 0:00:10]} 11. h3 {[%emt 0:00:06]} Nh5 {[%emt 0:00:09]} 12. Rb1 {[%emt 0:00:11]} Qd8 {[%emt 0:00:09]} 13. Bg5 {[%emt 0:00:04]} f6 {[%emt 0:00:02]} 14. Be3 {[%emt 0:00:05]} Nf4 {[%emt 0:00:06]} 15. b4 {[%emt 0:00:13]} b6 {[%emt 0:00:00]} 16. bxc5 {[%emt 0:00:02]} Nxc5 {[%emt 0:00:09]} 17. Bxc5 {[%emt 0:00:07]} bxc5 {[%emt 0:00:00]} 18. h4 {[%emt 0:00:14]} h6 {[%emt 0:00:10]} 19. g3 {[%emt 0:00:08]} Nxe2+ {[%emt 0:00:05]} 20. Qxe2 {[%emt 0:00:02]} Bg4 {[%emt 0:00:01]} 21. Rb7 {[%emt 0:00:16]} f5 {[%emt 0:00:16]} 22. exf5 {[%emt 0:00:25]} gxf5 {[%emt 0:00:08]} 23. Qe3 {[%emt 0:00:20]} e4 {[%emt 0:00:07]} 24. Nxe4 {[%emt 0:00:32]} fxe4 {[%emt 0:00:02]} 25. Qxe4 {[%emt 0:00:13]} Bxf3 {[%emt 0:00:18]} 26. Qg6 {[%emt 0:00:01]} Qf6 {[%emt 0:00:02]} 0-1

[Event "GER-chW Blitz 2019"]
[Site "Magdeburg"]
[Date "2019.05.25"]
[Round "7.5"]
[White "Kotyk, Valeriya"]
[Black "Osmanodja, Filiz"]
[Result "0-1"]
[WhiteElo "1739"]
[BlackElo "2260"]
[Annotator "NA"]
[PlyCount "86"]
[EventDate "2019.05.25"]
[EventType "tourn"]
[EventCountry "GER"]
[SourceTitle "playchess.com"]
[Source "ChessBase"]
[SourceQuality "1"]
[TimeControl "180+2"]

1. d4 {[%emt 0:00:00]} Nf6 {[%emt 0:00:00]} 2. Bg5 {[%emt 0:00:01]} e6 {[%emt 0:00:01]} 3. c4 {[%emt 0:00:02]} c5 {[%emt 0:00:04]} 4. d5 {[%emt 0:00:05]} d6 {[%emt 0:00:03]} 5. Nc3 {[%emt 0:00:02]} e5 {[%emt 0:00:03]} 6. e4 {[%emt 0:00:02]} Be7 {[%emt 0:00:02]} 7. Nf3 {[%emt 0:00:04]} h6 {[%emt 0:00:01]} 8. Be3 {[%emt 0:00:02]} O-O {[%emt 0:00:10]} 9. Be2 {[%emt 0:00:00]} Ng4 {[%emt 0:00:03]} 10. O-O {[%emt 0:00:10]} f5 {[%emt 0:00:07]} 11. exf5 {[%emt 0:00:17]} Bxf5 {[%emt 0:00:12]} 12. Nd2 {[%emt 0:00:02]} Nxe3 {[%emt 0:00:32]} 13. fxe3 {[%emt 0:00:02]} Bg5 {[%emt 0:00:05]} 14. e4 {[%emt 0:00:02]} Be3+ {[%emt 0:00:05]} 15. Kh1 {[%emt 0:00:02]} Bg6 {[%emt 0:00:17]} 16. Nf3 {[%emt 0:00:16]} Nd7 {[%emt 0:00:05]} 17. Qd3 {[%emt 0:00:06]} Bd4 {[%emt 0:00:22]} 18. Nd2 {[%emt 0:00:04]} Nf6 {[%emt 0:00:12]} 19. Bf3 {[%emt 0:00:07]} Nh5 {[%emt 0:00:07]} 20. Bxh5 {[%emt 0:00:21]} Bxh5 {[%emt 0:00:02]} 21. Rxf8+ {[%emt 0:00:01]} Qxf8 {[%emt 0:00:01]} 22. Rf1 {[%emt 0:00:01]} Qe7 {[%emt 0:00:06]} 23. Nf3 {[%emt 0:00:02]} Rf8 {[%emt 0:00:10]} 24. b3 {[%emt 0:00:07]} Bg6 {[%emt 0:00:08]} 25. Ne2 {[%emt 0:00:08]} Qd7 {[%emt 0:00:15]} 26. Ng3 {[%emt 0:00:08]} Qg4 {[%emt 0:00:05]} 27. Qe2 {[%emt 0:00:23]} h5 {[%emt 0:00:17]} 28. Rd1 {[%emt 0:00:35]} Rf4 {[%emt 0:00:10]} 29. Re1 {[%emt 0:00:08]} Bc3 {[%emt 0:00:01]} 30. Rc1 {[%emt 0:00:02]} Bd4 {[%emt 0:00:04]} 31. Re1 {[%emt 0:00:02]} h4 {[%emt 0:00:03]} 32. Nf1 {[%emt 0:00:10]} Rxe4 {[%emt 0:00:03]} 33. Qd1 {[%emt 0:00:02]} Rxe1 34. Qxe1 e4 {[%emt 0:00:06]} 35. Nxd4 cxd4 36. Nd2 {[%emt 0:00:11]} e3 {[%emt 0:00:02]} 37. Nf3 {[%emt 0:00:03]} Be4 {[%emt 0:00:03]} 38. Qe2 {[%emt 0:00:02]} Bxf3 {[%emt 0:00:03]} 39. gxf3 {[%emt 0:00:04]} Qf5 {[%emt 0:00:01]} 40. Kg2 {[%emt 0:00:02]} h3+ {[%emt 0:00:02]} 41. Kg3 {[%emt 0:00:04]} g5 {[%emt 0:00:04]} 42. a4 {[%emt 0:00:02]} Kg7 {[%emt 0:00:01]} 43. b4 {[%emt 0:00:01]} Kh6 {[%emt 0:00:01]} 0-1

[Event "GER-chW Blitz 2019"]
[Site "Magdeburg"]
[Date "2019.05.25"]
[Round "7.6"]
[White "Fuchs, Judith"]
[Black "Sieber, Fiona"]
[Result "1/2-1/2"]
[WhiteElo "2218"]
[BlackElo "2250"]
[Annotator "NA"]
[PlyCount "109"]
[EventDate "2019.05.25"]
[EventType "tourn"]
[EventCountry "GER"]
[SourceTitle "playchess.com"]
[Source "ChessBase"]
[SourceQuality "1"]
[TimeControl "180+2"]

1. d4 {[%emt 0:00:00]} Nf6 {[%emt 0:00:00]} 2. Bf4 {[%emt 0:00:01]} e6 {[%emt 0:00:02]} 3. e3 {[%emt 0:00:02]} c5 {[%emt 0:00:03]} 4. c3 {[%emt 0:00:03]} Nc6 {[%emt 0:00:07]} 5. Nd2 {[%emt 0:00:05]} cxd4 {[%emt 0:00:02]} 6. exd4 {[%emt 0:00:02]} Be7 {[%emt 0:00:04]} 7. Bd3 {[%emt 0:00:03]} Nd5 {[%emt 0:00:08]} 8. Bg3 {[%emt 0:00:05]} f5 {[%emt 0:00:13]} 9. h3 {[%emt 0:00:31]} O-O {[%emt 0:00:08]} 10. Ngf3 {[%emt 0:00:17]} b6 {[%emt 0:00:15]} 11. Qe2 {[%emt 0:00:26]} Bb7 {[%emt 0:00:03]} 12. Ne5 {[%emt 0:00:06]} Nxe5 {[%emt 0:00:11]} 13. Bxe5 {[%emt 0:00:04]} d6 {[%emt 0:00:08]} 14. Bh2 {[%emt 0:00:03]} Qd7 {[%emt 0:00:02]} 15. O-O {[%emt 0:00:12]} Bf6 {[%emt 0:00:08]} 16. Rfe1 {[%emt 0:00:05]} Rae8 {[%emt 0:00:01]} 17. Nf3 {[%emt 0:00:12]} Bc6 {[%emt 0:00:20]} 18. a3 {[%emt 0:00:07]} Kh8 {[%emt 0:00:02]} 19. Qc2 {[%emt 0:00:12]} g5 {[%emt 0:00:08]} 20. Re2 {[%emt 0:00:24]} Rg8 {[%emt 0:00:01]} 21. Rae1 {[%emt 0:00:11]} Nf4 {[%emt 0:00:15]} 22. Bxf4 {[%emt 0:00:11]} gxf4 {[%emt 0:00:02]} 23. Kh2 {[%emt 0:00:02]} Bxf3 {[%emt 0:00:09]} 24. gxf3 {[%emt 0:00:01]} Re7 {[%emt 0:00:08]} 25. Rg1 {[%emt 0:00:08]} Reg7 {[%emt 0:00:05]} 26. Ree1 {[%emt 0:00:03]} Qf7 {[%emt 0:00:10]} 27. Qd2 {[%emt 0:00:03]} Rxg1 {[%emt 0:00:06]} 28. Rxg1 {[%emt 0:00:01]} Rxg1 29. Kxg1 {[%emt 0:00:01]} Qh5 {[%emt 0:00:05]} 30. Kh2 {[%emt 0:00:02]} Qxf3 {[%emt 0:00:04]} 31. Qe2 {[%emt 0:00:01]} Qd5 {[%emt 0:00:03]} 32. f3 {[%emt 0:00:02]} Kg7 {[%emt 0:00:07]} 33. Qg2+ {[%emt 0:00:01]} Kf7 {[%emt 0:00:01]} 34. Qe2 {[%emt 0:00:01]} Qb7 {[%emt 0:00:03]} 35. Kg2 {[%emt 0:00:01]} Qc8 {[%emt 0:00:02]} 36. Kh2 {[%emt 0:00:01]} Qg8 {[%emt 0:00:01]} 37. Qf2 {[%emt 0:00:01]} Qg5 {[%emt 0:00:03]} 38. Bc2 {[%emt 0:00:01]} Qh5 {[%emt 0:00:02]} 39. Bb3 {[%emt 0:00:02]} Bh4 {[%emt 0:00:03]} 40. Qe2 {[%emt 0:00:00]} Bg3+ 41. Kg2 Qg6 {[%emt 0:00:04]} 42. Kh1 {[%emt 0:00:02]} d5 {[%emt 0:00:08]} 43. Bc2 {[%emt 0:00:02]} Bh4 {[%emt 0:00:05]} 44. Qg2 {[%emt 0:00:03]} Qg3 {[%emt 0:00:05]} 45. Qxg3 {[%emt 0:00:04]} fxg3 {[%emt 0:00:01]} 46. f4 {[%emt 0:00:03]} h5 {[%emt 0:00:06]} 47. Kg2 {[%emt 0:00:00]} Kg6 {[%emt 0:00:03]} 48. Bd1 {[%emt 0:00:01]} Kh6 {[%emt 0:00:09]} 49. Be2 {[%emt 0:00:00]} Kg6 {[%emt 0:00:02]} 50. Bb5 {[%emt 0:00:01]} Kf6 {[%emt 0:00:03]} 51. Be8 {[%emt 0:00:01]} a5 {[%emt 0:00:02]} 52. Bxh5 {[%emt 0:00:02]} Ke7 {[%emt 0:00:01]} 53. Be2 {[%emt 0:00:01]} Kf6 {[%emt 0:00:01]} 54. Bd3 {[%emt 0:00:01]} Ke7 {[%emt 0:00:01]} 55. Be2 {[%emt 0:00:02]} 1/2-1/2

[Event "GER-chW Blitz 2019"]
[Site "Magdeburg"]
[Date "2019.05.25"]
[Round "7.7"]
[White "Lubbe, Melanie"]
[Black "Daemering, Katrin"]
[Result "0-1"]
[WhiteElo "2278"]
[BlackElo "2003"]
[Annotator "NA"]
[PlyCount "76"]
[EventDate "2019.05.25"]
[EventType "tourn"]
[EventCountry "GER"]
[SourceTitle "playchess.com"]
[Source "ChessBase"]
[SourceQuality "1"]
[TimeControl "180+2"]

1. d4 {[%emt 0:00:00]} c5 {[%emt 0:00:00]} 2. d5 {[%emt 0:00:03]} e5 {[%emt 0:00:00]} 3. e4 {[%emt 0:00:03]} d6 {[%emt 0:00:01]} 4. c4 {[%emt 0:00:02]} g6 {[%emt 0:00:02]} 5. Nc3 {[%emt 0:00:02]} Bg7 {[%emt 0:00:01]} 6. Be3 {[%emt 0:00:03]} Ne7 {[%emt 0:00:02]} 7. Qd2 {[%emt 0:00:05]} a6 {[%emt 0:00:01]} 8. f3 {[%emt 0:00:04]} f5 {[%emt 0:00:09]} 9. Bh6 {[%emt 0:00:16]} O-O {[%emt 0:00:16]} 10. h4 {[%emt 0:00:06]} f4 {[%emt 0:00:10]} 11. Bg5 {[%emt 0:00:22]} h6 {[%emt 0:00:13]} 12. Bxe7 {[%emt 0:00:02]} Qxe7 {[%emt 0:00:01]} 13. Bd3 {[%emt 0:00:17]} Nd7 {[%emt 0:00:06]} 14. Qf2 {[%emt 0:00:14]} Nf6 {[%emt 0:00:12]} 15. g3 {[%emt 0:00:14]} Nh5 {[%emt 0:00:15]} 16. Nge2 {[%emt 0:00:11]} fxg3 {[%emt 0:00:08]} 17. Nxg3 {[%emt 0:00:01]} Nf4 {[%emt 0:00:01]} 18. O-O-O {[%emt 0:00:16]} Bd7 {[%emt 0:00:20]} 19. Nce2 {[%emt 0:00:02]} Nxd3+ {[%emt 0:00:07]} 20. Rxd3 {[%emt 0:00:01]} b5 {[%emt 0:00:02]} 21. Nc3 {[%emt 0:00:39]} bxc4 {[%emt 0:00:04]} 22. Rd2 {[%emt 0:00:01]} Qf6 {[%emt 0:00:05]} 23. Rf1 {[%emt 0:00:06]} Rab8 {[%emt 0:00:02]} 24. Nge2 {[%emt 0:00:06]} Rb4 {[%emt 0:00:10]} 25. Qg3 {[%emt 0:00:03]} Rfb8 {[%emt 0:00:08]} 26. Rg1 {[%emt 0:00:07]} Kh7 {[%emt 0:00:02]} 27. Rg2 {[%emt 0:00:05]} Be8 {[%emt 0:00:04]} 28. Ng1 {[%emt 0:00:01]} Qf4 {[%emt 0:00:07]} 29. Nh3 {[%emt 0:00:07]} Qxg3 30. Rxg3 {[%emt 0:00:01]} Bf6 {[%emt 0:00:11]} 31. Rg4 {[%emt 0:00:05]} Bd7 {[%emt 0:00:02]} 32. Rg3 {[%emt 0:00:04]} Bxh4 {[%emt 0:00:02]} 33. Rdg2 {[%emt 0:00:01]} Bxg3 {[%emt 0:00:02]} 34. Rxg3 {[%emt 0:00:01]} Bxh3 {[%emt 0:00:03]} 35. Rxh3 {[%emt 0:00:01]} Rxb2 {[%emt 0:00:02]} 36. Rh1 {[%emt 0:00:04]} Rf2 {[%emt 0:00:04]} 37. Rh3 {[%emt 0:00:01]} Rbb2 {[%emt 0:00:02]} 38. Kd1 {[%emt 0:00:05]} Rf1# {[%emt 0:00:04]} 0-1